00498nam a2200169Ia 4500003000400000005001700004008004100021020001400062040000700076041000800083082001500091100002300106245013300129260003800262300001500300365001300315OSt20230417114041.0210423s1977 xx 000 0 und d a393093328 cAL aeng a823.8 DICC aDICKENS (Charles). aBleak house: an authoritative and annotated text illustrations a note on the text genesis and composition backgrounds criticism. aNew YorkbW W Norton & Co.,c1977 axx,986bPB b395cINR